00380pab a2200121 454500008004000000100002400040245011600064260000900180300001200189362000900201650002000210773002800230180718b1988 xxu||||| |||| 00| 0 eng d anesslein, Thomas S. aHousing in the welfare statebHave government intervention raised housing investment and lowered housing costs? c1988 a295-314 aDec. aHousing - Costs aUrban Affairs Quarterly